| 000 | 00641cam a2200217 4500 | ||
|---|---|---|---|
| 001 | D2367 | ||
| 008 | 071126s1984 xxka f 000 0deng | ||
| 035 | _a(Sirsi) u68785 | ||
| 041 | _aeng | ||
| 050 | 0 | 4 | _a920 $2 18 |
| 110 | 2 |
_aChesshire, Gibson and Company _95463 |
|
| 245 | 0 | 0 |
_aChesshire, Gibson & Company _b1784-1984 |
| 260 |
_a[Birmingham] _b[Chesshire, Gibson and Company] _c[1984] |
||
| 300 |
_a[14] p. _bill. _c18 cm. |
||
| 350 | _a0 | ||
| 520 | _aA history of the firm of Chesshire, Gibson & Company. | ||
| 651 | 4 |
_aEngland _y886- |
|
| 690 | _aABOUT RICS-RICS MEMBERS-CHARTERED SURVEYORS | ||
| 942 | _n0 | ||
| 948 | _c04/03/1997 | ||
| 999 |
_c95134 _d95134 |
||